000 00628nam a2200205Ia 4500
005 20230724112031.0
008 210716s1999 xx 000 0 und d
020 _a8120305965
040 _cAIMIT LIBRARY
041 _aeng
082 _a005.133
_22
_bKERB
100 _aKernighan, Brian W.
_9128192
245 _aC programming language /
_cBy Brian W. Kernighan and Dennis M. Ritchie.
250 _a2nd ed.
260 _aNew Delhi :
_bPHI Learning Pvt Ltd ,
_c1999.
300 _axii,272p.
_bPB
_c23.8 cm
650 _aC Programming
_9128193
700 _aRitchie, Dennis M.
_9128194
942 _2ddc
_cBK
_e2nd.
_m005.133 KERB
999 _c180810
_d180810